| 000 | 00902ngm a22003490a 4500 | ||
|---|---|---|---|
| 001 | PT23275 | ||
| 003 | AR-LpoUNG | ||
| 005 | 20210201232250.0 | ||
| 007 | co ||u|||uuuuu | ||
| 008 | 191001s2004||||xxk|||||||||||||||||eng d | ||
| 020 |
_a1844071480 _c$8,83 |
||
| 040 |
_aAR-LpoUNG _bspa _cAR-LpoUNG _eaacr |
||
| 041 | _aeng | ||
| 044 | _axxk | ||
| 082 | 0 | _a363.5 346urba | |
| 100 | 1 | _aPayne, Geoffrey | |
| 245 | 1 | 4 |
_aThe urban housing manual : _bmaking regulatory frameworks work for the poor |
| 260 |
_aLondon : _bEarthscan, _c2004. |
||
| 300 | _ail. | ||
| 505 | 0 | _aAcompaƱa al impreso | |
| 650 | 4 | _aDESARROLLO URBANO | |
| 650 | 4 | _aESTADO | |
| 650 | 4 | _aPAISES MENOS ADELANTADOS | |
| 650 | 4 | _aPOBREZA | |
| 650 | 4 | _aPOLITICA SOCIAL | |
| 650 | 4 | _aPOLITICA URBANA | |
| 650 | 4 | _aVIVIENDA URBANA | |
| 651 | 4 | _aMundial | |
| 700 | 1 | _aMajale, Michael | |
| 905 | _a23275 | ||
| 942 | _cCDDVD | ||
| 999 |
_c53180 _d53180 |
||